zpět

Detail výsledku týmu

Chicago Bar & Grill ÚT, Liberec

Datum a čas kvízu

34 Celkem bodů Celkový počet nahraných bodů na tomto kvízu bez doplňovacích otázek.
7. Pořadí na kvízu Konečné umístění týmu na tomto kvízu.

Zaznamenané odpovědi

# Otázka Odpověď Body Výsledky
1. Při úřadu vlády vznikne komise... Ďáblický hřbitov 1
2. Tým botaniků objevil dva zcela... B 0
3. Agáta Prachařová povila minulý... Rozárie 1
4. Ve které zemi byl minulý týden... ve Finsku 1
5. Šestý zápas mimořádně zajímavé... ve 4. prodloužení 1
6. Pokračujeme představováním fil... Krakov 1
7. Sedmý film žebříčku byl natoče... Mario Puzo, Corleone 1
8. Jak se jmenuje film na osmém m... Dvanáct rozhněvaných mužů 1
9. Jediný francouzský film a prvn... Nedotknutelní 1
10. Napište název sbírky povídek s... Hovno hoří 1